| 000 | 00620cab a2200217 4500 | ||
|---|---|---|---|
| 001 | WB2648-01 | ||
| 008 | 090401t1990 xxu||||| |||| 00| 0 eng d | ||
| 035 | _a(Sirsi) u40723 | ||
| 041 | _aeng | ||
| 245 | _aAgency action urged | ||
| 260 | _c1990 | ||
| 350 | _a0 | ||
| 490 |
_aFinancial Times _v6/12/90 p12 |
||
| 490 |
_aDaily Telegraph _v6/12/90 p4 |
||
| 520 | _aA report from the House of Commons Public Accounts Committee has criticised the Property Services Agency for failing to curb fraud . | ||
| 650 | _aCORRUPTION | ||
| 650 | _aPSA | ||
| 690 | _aBUILT ENVIRONMENT | ||
| 942 | _n0 | ||
| 948 | _c04/03/1997 | ||
| 999 |
_c26098 _d26098 |
||